00813nam a2200229 a 450000100100000000500170001000800410002702000150006804000250008308200150010810000300012324501400015326000440029330000350033749000210037249000160039350400730040950400320048270000320051483000210054683000160056700001153920200929162502.0950411s1994 ck a b 000 0 spa  z9586015240 aDO-SdBNPbspacBNPHU axxxxbxxxx1 aJaramillo, Carlos Felipe.10aApertura, crisis y recuperacion :bla agricultura colombiana entre 1990 y 1994 /cCarlos Felipe Jaramillo ; prólogo Roberto Junguito. aBogota :bFONADE :bTM Editores,c1994. axvii, 253 p. :bill. ;c21 cm.1 aEconomia agraria1 aAcadémica aIncluye referencias bibliográficas y notas al pie de las páginas aBibliografía : p. 245-2531 aJunguito, Roberto,epról. 0aEconomia agraria 0aAcadémica